000053490 001__ 53490
000053490 005__ 20230317221354.0
000053490 0247_ $$2doi$$a10.1007/s100500070129
000053490 0247_ $$2ISSN$$a1434-601X
000053490 0247_ $$2ISSN$$a1434-6001
000053490 0247_ $$2ISSN$$a1431-5831
000053490 0247_ $$2WOS$$aWOS:000088447300018
000053490 037__ $$aGSI-2013-04477
000053490 041__ $$aEnglish
000053490 082__ $$a530
000053490 1001_ $$0P:(DE-Ds200)OR1125$$aSchmidt, Karl-Heinz$$b0$$eCorresponding author$$ugsi
000053490 245__ $$aA new test for random events of an exponential distribution
000053490 260__ $$aBerlin$$bSpringer$$c2000
000053490 3367_ $$0PUB:(DE-HGF)16$$2PUB:(DE-HGF)$$aJournal Article$$bjournal$$mjournal$$s1372772000_10449
000053490 3367_ $$2DRIVER$$aarticle
000053490 3367_ $$2BibTeX$$aARTICLE
000053490 3367_ $$00$$2EndNote$$aJournal Article
000053490 536__ $$0G:(DE-HGF)POF2-899$$a899 - ohne Topic (POF2-899)$$cPOF2-899$$fPOF I$$x0
000053490 588__ $$aDataset connected to CrossRef, repository.gsi.de
000053490 773__ $$0PERI:(DE-600)1459066-9$$a10.1007/s100500070129$$gVol. 8, no. 1, p. 141 - 145$$n1$$p141 - 145$$tThe @European physical journal / A$$v8$$x1434-6001
000053490 909CO $$ooai:repository.gsi.de:53490$$pVDB
000053490 9101_ $$0I:(DE-Ds200)20121206GSI$$6P:(DE-Ds200)OR1125$$aGSI Helmholtzzentrum für Schwerionenforschung GmbH$$b0$$kGSI
000053490 9131_ $$0G:(DE-HGF)POF2-899$$1G:(DE-HGF)POF2-890$$2G:(DE-HGF)POF2-800$$3G:(DE-HGF)POF2$$4G:(DE-HGF)POF$$aDE-HGF$$bProgrammungebundene Forschung$$lohne Programm$$vohne Topic$$x0
000053490 915__ $$0StatID:(DE-HGF)0010$$2StatID$$aJCR/ISI refereed
000053490 915__ $$0StatID:(DE-HGF)0100$$2StatID$$aJCR
000053490 915__ $$0StatID:(DE-HGF)0110$$2StatID$$aWoS$$bScience Citation Index
000053490 915__ $$0StatID:(DE-HGF)0111$$2StatID$$aWoS$$bScience Citation Index Expanded
000053490 915__ $$0StatID:(DE-HGF)0150$$2StatID$$aDBCoverage$$bWeb of Science Core Collection
000053490 915__ $$0StatID:(DE-HGF)0199$$2StatID$$aDBCoverage$$bThomson Reuters Master Journal List
000053490 915__ $$0StatID:(DE-HGF)0200$$2StatID$$aDBCoverage$$bSCOPUS
000053490 915__ $$0StatID:(DE-HGF)0420$$2StatID$$aNationallizenz
000053490 915__ $$0StatID:(DE-HGF)1020$$2StatID$$aDBCoverage$$bCurrent Contents - Social and Behavioral Sciences
000053490 9201_ $$0I:(DE-Ds200)KRA-20150901OR349$$kKRA$$lKernreaktionen$$x0
000053490 980__ $$ajournal
000053490 980__ $$aVDB
000053490 980__ $$aI:(DE-Ds200)20110831OR108
000053490 980__ $$aI:(DE-Ds200)KRA-20150901OR349
000053490 980__ $$aUNRESTRICTED